Prénoms : du masculin au féminin (mort subite) - Statistiques

Statistiques générales
  • Ce quiz a été pris 153 fois
    134 depuis la dernière actualisation
  • Le résultat moyen est 7 sur 12
Answers on the Grid
Answers color-coded by a green-red scale on the quiz's grid according to % correct below.
Edouard
Damien
Niels
Gaétan
Baptiste
Jacques
Fabrice
Adam
Rainier
Jérôme
Cédric
Kévin
Laurent
Marcel
Nicolas
Balthazar
 
Statistiques - réponses
Réponse % Correct
Laurent
79%
Marcel
78%
Jacques
77%
Gaétan
73%
Nicolas
69%
Fabrice
59%
Damien
57%
Baptiste
46%
Edouard
45%
Adam
34%
Kévin
33%
Jérôme
27%
Aucun quiz correspondant
Distribution des résultats
% des personnes avec chaque résultat
Percentile par nombre de réponses
Votre historique - résultats
Vous n’avez pas pris ce quiz depuis la dernière actualisation